Zúčtovanie opravnej položky k pohľadávkam z rozpočtových príjmov v rozpočtových organizáciách
Podstata účtovania opravných položiek k pohľadávkam. Príklady zúčtovania opravnej položky k pohľadávkam z rozpočtových príjmov.
Salvato in:
| Autore principale: | |
|---|---|
| Natura: | Capitolo di libro |
| Lingua: | slovacco |
| Soggetti: | |
| Tags: |
Nessun Tag, puoi essere il primo ad aggiungerne!!
|
MARC
| LEADER | 00000naa$a2200000$$$4500 | ||
|---|---|---|---|
| 001 | 0110238 | ||
| 005 | 20240502072220.3 | ||
| 041 | 0 | |a slo | |
| 044 | |a SK | ||
| 245 | 1 | 0 | |a Zúčtovanie opravnej položky k pohľadávkam z rozpočtových príjmov v rozpočtových organizáciách |c Antónia Kovalčíková |
| 520 | |a Podstata účtovania opravných položiek k pohľadávkam. Príklady zúčtovania opravnej položky k pohľadávkam z rozpočtových príjmov. | ||
| 610 | 2 | 0 | |a položky opravné |
| 610 | 2 | 0 | |a organizácie rozpočtové |
| 610 | 2 | 0 | |a pohľadávky |
| 610 | 2 | 0 | |a účtovanie |
| 610 | 2 | 0 | |a majetok hmotný |
| 610 | 2 | 0 | |a prípady účtovné |
| 100 | 1 | |a Kovalčíková, Antónia | |